| 000 | 00434cam a2200181ua 4500 | ||
|---|---|---|---|
| 020 | _c3.50 | ||
| 041 |
_ahin _h |
||
| 082 |
_a891.54 _bJAW/IT |
||
| 100 | _aJawaharlal nehru, . | ||
| 245 |
_aItihas ke mahapurush / _cJawaharlal nehru. _hTextual Documents |
||
| 250 |
_a4 / _b. |
||
| 260 |
_a : _bSastra sahitya mandal , _c1965. |
||
| 300 | _a239 ; . | ||
| 365 | _a3.50 | ||
| 504 | _a | ||
| 942 | _cBK | ||
| 999 |
_c3766 _d3766 |
||